000 00348pam a2200157a 44500
008 230515b1999 xxu||||| |||| 00| 0 eng d
020 _aNULL
041 _aENGLISH
082 _aN.D.
100 _aEronini E.U
245 _aSystems Dynamics & Control
250 _a0
260 _aNULL
_bBrooks / Cole
_c1999
300 _a993
650 _aNULL
999 _c584983
_d584983